|
|
|
|
| LEADER |
00000naa2a2200000 4500 |
| 001 |
624306 |
| 005 |
20231218153244.0 |
| 035 |
|
|
|a (RuTPU)RU\TPU\conf\23551
|
| 035 |
|
|
|a RU\TPU\conf\23550
|
| 090 |
|
|
|a 624306
|
| 100 |
|
|
|a 20171115d2017 k y0rusy50 ca
|
| 101 |
0 |
|
|a rus
|
| 102 |
|
|
|a RU
|
| 105 |
|
|
|a y z 101zy
|
| 135 |
|
|
|a drcn ---uucaa
|
| 181 |
|
0 |
|a i
|
| 182 |
|
0 |
|a b
|
| 200 |
1 |
|
|a Метод контроля магнитной проницаемости ферритовой керамики
|f А. Б. Петрова, А. В. Малышев
|
| 203 |
|
|
|a Текст
|c электронный
|
| 225 |
1 |
|
|a Организационные и методические вопросы подготовки специалистов в области неразрушающего контроля
|
| 300 |
|
|
|a Заглавие с титульного экрана
|
| 320 |
|
|
|a [Библиогр.: с. 119 (10 назв.)]
|
| 463 |
|
1 |
|0 (RuTPU)RU\TPU\conf\23467
|t Инновации в неразрушающем контроле (SibTest 2017)
|o сборник тезисов IV международной конференции, Новосибирск, 27-30 июня 2017 г.
|f Национальный исследовательский Томский политехнический университет (ТПУ) ; под ред. А. В. Юрченко
|v [С. 117-119]
|d 2017
|
| 610 |
1 |
|
|a труды учёных ТПУ
|
| 610 |
1 |
|
|a электронные ресурсы
|
| 610 |
1 |
|
|a ферриты
|
| 610 |
1 |
|
|a твердые материалы
|
| 610 |
1 |
|
|a магнитные материалы
|
| 610 |
1 |
|
|a соединения
|
| 610 |
1 |
|
|a литий-цинковые ферриты
|
| 700 |
|
1 |
|a Петрова
|b А. Б.
|c специалист в области неразрушающего контроля
|c младший научный сотрудник Томского политехнического университета
|f 1992-
|g Анна Борисовна
|3 (RuTPU)RU\TPU\pers\36004
|
| 701 |
|
1 |
|a Малышев
|b А. В.
|c специалист в области электротехники
|c старший научный сотрудник Томского политехнического университета, кандидат физико-математических наук
|f 1978-
|g Андрей Владимирович
|3 (RuTPU)RU\TPU\pers\26544
|9 12233
|
| 712 |
0 |
2 |
|a Национальный исследовательский Томский политехнический университет (ТПУ)
|b Институт неразрушающего контроля (ИНК)
|b Проблемная научно-исследовательская лаборатория электроники, диэлектриков и полупроводников (ПНИЛ ЭДиП)
|3 (RuTPU)RU\TPU\col\19033
|
| 801 |
|
2 |
|a RU
|b 63413507
|c 20171116
|g RCR
|
| 856 |
4 |
|
|u http://earchive.tpu.ru/handle/11683/44042
|
| 942 |
|
|
|c BK
|